| 000 | 00577nam a2200229 a 4500 | ||
|---|---|---|---|
| 001 | nice12345678 | ||
| 003 | IN_TiNIC | ||
| 005 | 20260116011658.0 | ||
| 008 | 050524s1974 mada grp 000 0 eng | ||
| 020 |
_a _c15 |
||
| 082 | 0 | 0 |
_a275.4 _bBER |
| 100 | _aBergsquist, James A | ||
| 245 | _aCrisis of Dependency in Third World Ministries | ||
| 260 |
_aMadras _bChristian Literature Society _c1974 |
||
| 300 | _a149p | ||
| 500 | _aincludes index and biblioraphy | ||
| 505 | 2 | _aBibliography | |
| 650 | _aChurch-India | ||
| 902 | _bSRS | ||
| 942 | _cBK | ||
| 999 |
_c3358 _d3358 |
||